000 00560nam a2200157 a 4500
008 120416s1972 ||||||||||||||||| || u
020 _a0442026935
050 _aQD 461 Gil
100 _aGillespie, R. J
245 1 0 _aMolecular geometry
260 _aLondon
_bNostrand Reinhold
_c1972
350 _a0.00
650 _aMOLECULAR GEOMETRY
650 0 _aCHEMISTRY--HANDBOOKS, MANUALS, ETC
995 _D0.00
_FCBU-MAIN LIBRARY (Kitwe)
_H1
_I10.25
_M1
_UAVAILABLE
_WMar 14, 2007
_ZMain Library Open Access Collection
999 _c51560
_d51560